00617nam a2200193Ia 4500952013500000999001500135003000400150005001700154008004100171020001800212040000900230082001800239100002300257245003900280260004200319300000900361650001100370942004200381 00102ddc40708BOTANYaMESbMEScBOTANYd2019-02-20g115.00l0o631.52 RAM/Pp28425r2019-02-20 00:00:00w2019-02-20yBKzGL19R5 c1557d1557OSt20201001095102.0190216s9999||||xx |||||||||||||| ||und|| a9788121919876 coclc a631.52bRAM/P aRamawat, K G95249 0aPlant Biotechnology /cK G Ramawat bS Chand & Company,aNew Delhi:c2004. a266p aBotany cBK2ddch631.52iRAM/Pk631.52mRAM/P